| 000 | 00930nam a22002057a 4500 | ||
|---|---|---|---|
| 999 |
_c62483 _d62483 |
||
| 003 | Ge_BSU | ||
| 005 | 20241115155910.0 | ||
| 008 | 241115s1987 ge ||||| |||| 00| 0 geo d | ||
| 041 | _ageo | ||
| 080 | _a613.816 გ-12 | ||
| 100 |
_aგაბიანი, ანზორ _93901 |
||
| 245 |
_aალკოჰოლიზმის სოციალური სახე / _cანზორ გაბიანი ; რედ. ე. მესხი ; მხატვარი თ. შარიფაშვილი. |
||
| 264 |
_aთბილისი : _b საბჭოთა საქართველო, _c 1987. |
||
| 300 |
_a52 გვ. ; _b20 სმ. |
||
| 653 | _aალკოჰოლიზმი. | ||
| 653 | _aმედიცინა | ||
| 700 |
_aმესხი, ე _eრედაქტორი _93902 |
||
| 700 |
_aშარიფაშვილი, თ _e მხატვარი _923711 |
||
| 942 |
_2udc _cBK |
||